| 000 | 00702nam a22002297a 4500 | ||
|---|---|---|---|
| 003 | DO-SdBNP | ||
| 005 | 20171205083319.0 | ||
| 008 | 171121b 1971 sp ||||| |||| 00| 0 spa d | ||
| 040 |
_aBPMSU _bspa _cBPMSU |
||
| 092 |
_axxxx _bxxxx |
||
| 100 | 1 | _aD' Allaines, Claude | |
| 240 | 1 | 0 |
_a Histoire de la chirurgie _lEspañol |
| 245 | 1 | 0 |
_aHistoria de la cirugía / _cClaude D' Allaines ; traducción Felip Cid. |
| 260 |
_aBarcelona : _bOikos-Tau, _c1971. |
||
| 300 |
_a127 p. ; _c18 cm. |
||
| 490 | 1 |
_a¿Qué sé? _v26 |
|
| 700 | 1 | 2 |
_aCid, Felip, _etr. |
| 830 | 0 |
_a¿Qué sé? _v26 |
|
| 942 |
_2ddc _cBK |
||
| 945 | _ainventariado extranjero / DG | ||
| 956 |
_aLOPEREZ _b10 _c20171121 _h0041 _iBPMSU |
||
| 999 |
_c12983 _d12983 |
||